01013cam a2200241 450000100040000000500170000400800390002101000160006002000220007604300120009811000190011024500930012926000470022230000260026950400280029550501810032365000330050465000340053770000230057171000410059499900130063595201230064856220181127161642.0860314r19861966ilu b 000 0 eng a 86006273 a0882950258 (pbk.) an-us---1 aUnited States.14aThe Constitution of the United States and related documents /cedited by Martin Shapiro. aNorthbrook, IL : bAHM Publishing, c1973. axxvi, 98 p. ;c19 cm. aBibliography: p. 97-98.0 aThe Constitution of the United States -- Civil Rights Acts of 1957, 1960, 1964 -- Voting Rights Act of 1965 -- The Declaration of Independence -- The Articles of Confederation. 0aCivil rightszUnited States. 0aConstitutionszUnited States.1 aShapiro, Martin M.1 aUnited States.tConstitution.f1986. c425d425 00102ddc40708MAINaRTCLIBbRTCLIBcMAINh i810l0o342.73023 SHAp30004028r2018-11-27 00:00:00w2018-11-27yMAIN